| 000 | 00444nam a2200157Ia 4500 | ||
|---|---|---|---|
| 008 | 230917s9999||||xx |||||||||||||| ||und|| | ||
| 040 |
_e36329 _aMAIN |
||
| 041 | _aEnglish | ||
| 082 | _a658.3 L73O | ||
| 100 | _aLittlefield, C L | ||
| 245 | 0 | _aOffice and administrative management: System analysis, data processing and office service | |
| 250 | _a3rd ed. | ||
| 260 |
_aNew Delhi _bPrentice-Hall _c1971 |
||
| 300 | _ax, 530 p. | ||
| 942 | _cBK | ||
| 999 |
_c122595 _d122595 |
||